[Event "Cappelle op 29th"]
[Site "Cappelle la Grande"]
[Date "2013.02.27"]
[Round "6"]
[White "Brulin, Louis"]
[Black "Manet, Eric"]
[Result "1/2-1/2"]
[WhiteElo "1612"]
[BlackElo "1960"]
[PlyCount "108"]
[EventDate "2013.02.23"]
[EventType "swiss"]
[EventRounds "9"]
[EventCountry "FRA"]
[SourceTitle "CBM 153 Extra"]
[Source "ChessBase"]
[SourceDate "2013.04.22"]
[SourceVersion "1"]
[SourceVersionDate "2013.04.22"]
[SourceQuality "1"]

1. e4 c5 2. Nf3 d6 3. d4 cxd4 4. Qxd4 a6 5. Bc4 e6 6. Bg5 Nf6 7. Nc3 Be7 8. 0-0-0 Qc7 9. Bb3 Nc6 10. Qd2 0-0 11. Bxf6 Bxf6 12. Qxd6 Qa5 13. Qd2 Rd8 14. Qe3 Bd7 15. Rhe1 Ne5 16. Nxe5 Bxe5 17. f4 Bxc3 18. Qxc3 Qxc3 19. bxc3 Rac8 20. Kb2 Bc6 21. Rxd8+ Rxd8 22. Re2 Rd1 23. g3 Kf8 24. Bc4 Ke7 25. e5 Bf3 26. Rf2 Be4 27. Bd3 Bxd3 28. cxd3 Rxd3 29. Kc2 Rd5 30. Rd2 Ra5 31. Kb3 f6 32. Re2 Rd5 33. Kc2 Kd7 34. Kb3 fxe5 35. Rxe5 Rd2 36. Rh5 h6 37. Rh4 Kd6 38. Rg4 g5 39. fxg5 hxg5 40. Rxg5 Rxh2 41. g4 Rg2 42. Rg8 e5 43. g5 e4 44. g6 e3 45. Re8 e2 46. g7 Rxg7 47. Rxe2 Rg5 48. Re4 b6 49. Rd4+ Rd5 50. Rxd5+ Kxd5 51. a4 Kc5 52. c4 Kd6 53. Kb4 Kc6 54. a5 bxa5+ 1/2-1/2